Banca y mercados en España, 1920-1960 / [José Víctor Arroyo Martín]
Descripción Física:
v. ; 24 cm
Materias:
Bancs -- Espanya -- 1920/1960
MARC
| LEADER | 00000nam a2200000Ia 4500 | ||
|---|---|---|---|
| 001 | 12314, 12971, 13575 | ||
| 008 | 160829s1999 xx 000 0 cat d | ||
| 080 | |a M-3-304, M-3-305, M-3-434 | ||
| 100 | |a Arroyo, J. Víctor |9 23811 | ||
| 245 | |a Banca y mercados en España, 1920-1960 / [José Víctor Arroyo Martín] | ||
| 260 | |a Bilbao : |b Banco Bilbao Vizcaya, Archivo Histórico, |c 1999 | ||
| 300 | |a v. ; |c 24 cm | ||
| 590 | |a A partir de 2001, el nom de l'entitat varia: Banco Bilbao Vizcaya Argentaria. Archivo Histórico. | ||
| 590 | |a Conté: v. 1: Galicia; v. 2: La Rioja; v. 3: Navarra | ||
| 650 | |a Bancs |x Espanya |x 1920/1960 |9 26516 | ||
| 710 | 2 | |a Banco Bilbao Vizcaya Argentaria. |b Archivo Histórico |9 54521 | |
| 710 | 2 | |a Banco Bilbao Vizcaya. |b Archivo Histórico |9 54859 | |
| 901 | |a Arxiu | ||
| 942 | |n 1 | ||
| 952 | |0 0 |1 0 |4 0 |6 M3304_M3305_M3434 |7 1 |9 44009 |a Arxiu |b Arxiu |d 2016-12-01 |l 0 |o M-3-304, M-3-305, M-3-434 |p 12314, 12971, 13575 |r 2016-12-01 00:00:00 |w 2016-12-01 |y ARXIU | ||
| 999 | |c 46589 |d 46589 | ||